Letter Guesser - Statistics

General Stats
  • This quiz has been taken 18 times
  • The average score is 2 of 6
Answers on the Grid
Answers color-coded by a green-red scale on the quiz's grid according to % correct below.
A
B
C
D
E
F
G
H
I
J
K
L
M
N
O
P
Q
R
S
T
U
V
W
X
Y
Z
 
Answer Stats
Answer % Correct
M
44%
K
33%
O
33%
T
33%
G
22%
Z
22%
No matching quizzes found
Score Distribution
Percent of People with Each Score
Percentile by Number Answered
Your Score History
You have not taken this quiz